Bồi dưỡng học sinh giỏi sinh học trung học phổ thông : Bài tập di truyền và tiến hóa

Nội dung sách gồm hai phần là bài tập có hướng dẫn và phần hướng dẫn trả lời và đáp án.

Na minha lista:
Detalhes bibliográficos
Autor principal: Vũ, Đức Lưu
Formato: Livro
Idioma:Undetermined
Publicado em: Hà Nội Giáo dục Việt Nam 2014
Assuntos:
Tags: Adicionar Tag
Sem tags, seja o primeiro a adicionar uma tag!
Thư viện lưu trữ: Trung tâm Học liệu Trường Đại học Cần Thơ
LEADER 00929nam a2200229Ia 4500
001 CTU_207168
008 210402s9999 xx 000 0 und d
020 |c 50000 
082 |a 570.712 
082 |b L566 
100 |a Vũ, Đức Lưu 
245 0 |a Bồi dưỡng học sinh giỏi sinh học trung học phổ thông : 
245 0 |b Bài tập di truyền và tiến hóa 
245 0 |c Vũ Đức Lưu (Chủ biên) ; Nguyễn Thị Hà 
260 |a Hà Nội 
260 |b Giáo dục Việt Nam 
260 |c 2014 
520 |a Nội dung sách gồm hai phần là bài tập có hướng dẫn và phần hướng dẫn trả lời và đáp án. 
650 |a Sinh học,Biology 
650 |x Học và giảng dạy (trung học),Study and teaching (secondary) 
904 |i Tuyến 
980 |a Trung tâm Học liệu Trường Đại học Cần Thơ